000
00298nam a22001337a 4500
003
SGT
020
_a
9789350246641
082
_a
547
_b
ARO
100
_a
ARORA M
245
_a
ORGANIC CHEMISTRY OF NATURAL PRODUCTS
260
_a
INDIA
_b
HIMALAYA PUB H
_c
2025
300
_a
8.32
942
_2
ddc
_c
BK
999
_c
34461
_d
34461